000 01007cab a2200385 4500
001 ABS54153
008 090401t1995 xxu||||| |||| 00| 0 eng d
035 _a(Sirsi) u8816
041 _aeng
245 _aEstates Times: Scotland review
260 _c1995
300 _aLOAN
350 _a0
490 _aEstates Times
_v1 December 1995, (54)
650 _aABERDEEN
650 _aBUSINESS PARKS
650 _aDUNDEE
650 _aEDINBURGH
650 _aENTERPRISE ZONE
650 _aGLASGOW
650 _aINDUSTRIAL MARKET
650 _aINVERNESS
650 _aLANARKSHIRE
650 _aNEW TOWNS
650 _aPROPERTY-COMMERCIAL PROPERTY-OFFICE PROPERTY-OFFICE PROPERTY MARKET
650 _aOIL INDUSTRY
650 _aOUT-OF-TOWN DEVELOPMENTS
650 _aOUT-OF-TOWN RETAIL
650 _aRETAIL DEVELOPMENT
650 _aRETAIL TRADE
650 _aSCOTLAND
690 _aPROPERTY-COMMERCIAL PROPERTY-COMMERCIAL PROPERTY MARKET
942 _n0
948 _c04/03/1997
999 _c5462
_d5462